000
00347nam a2200133 a 4500
005
20140513081052.0
008
030203s19uu xx 00 eng d
050
_a
P 574.1
_b
LIF 1989
245
_a
Life cycle of a butterfly.
260
_b
Frank Schaffer Pub,
_c
1989.
300
_a
Poster
650
_a
Butterflies, cycle--Posters
999
_c
116372
_d
116372